Possibility of product availability measurement

Enregistré dans:
Détails bibliographiques
Auteur principal: Richterová, Kornélia
Autres auteurs: Daňo, Ferdinand, 1959-, Labská, Helena
Format: Chapitre de livre
Langue:anglais
Tags: Ajouter un tag
Pas de tags, Soyez le premier à ajouter un tag!

MARC

LEADER 00000naa$a2200000$$$4500
001 0152798
005 20240502072724.4
041 0 |a eng 
044 |a SK 
245 1 0 |a Possibility of product availability measurement  |c Kornélia Richterová, Ferdinand Daňo, Helena Labská 
100 1 |a Richterová, Kornélia 
700 1 |a Daňo, Ferdinand, 1959- 
700 1 |a Labská, Helena